Zborník prác z 9. konferencie Zdravá škola (ROCEPO)

Podrobná bibliografia
Korporatívny autor: Zdravá škola Prešov, Slovensko
Ďalší autori: Jakubíková, Jurina (Zostavovateľ, kompilátor)
Médium: Konferenčný príspevok Kniha
Jazyk:slovenčina
čeština
PhysicalDescription:122 s. fotogr., grafy, tab. 21 cm
Vydavateľské údaje: V Prešove Metodicko-pedagogické centrum 2004
ISBN:8080453411
Vydanie:1. vyd.
Predmet:

MARC

LEADER 00000cam a2200000 a 4500
001 vtls001477622
003 SK-MaSNL
005 20260302073602.0
008 250414s2004 xo a f 10000 slo
015 |a SNBA2005/09-03356 
020 |a 8080453411 
035 |a SNK000432922 
035 |a urn:nbn:sk:snk-amjrik 
035 |a urn:nbn:sk:snk:ar-008tp3 
035 |a 41ccfcb7-49ba-4bfd-acd0-c97ba5066e13 
040 |a SNK  |b slo  |c SNK  |e AACR2 
041 0 |a slo  |a cze 
044 |a xo  |c SK 
072 7 |a 613  |x Hygiena. Ľudské zdravie  |2 konspekt 
072 7 |a 37  |x Výchova a vzdelávanie  |2 konspekt 
080 |a 373/378  |2 1981 
080 |a (063)  |2 1981 
080 |a 613:37.03  |2 1981 
111 2 |a Zdravá škola  |n (9. :  |d 2003 :  |c Prešov, Slovensko)  |9 124595 
245 0 0 |a Zborník prác z 9. konferencie Zdravá škola (ROCEPO)  |c [zostavovateľ: Jurina Jakubíková] 
250 |a 1. vyd. 
260 |a V Prešove  |b Metodicko-pedagogické centrum  |c 2004 
300 |a 122 s.  |b fotogr., grafy, tab.  |c 21 cm 
500 |a Čiast. text čes. 
500 |a 150 výt.. Nepredajné 
504 |a Bibliogr. odkazy 
650 0 7 |a výchova k zdraviu  |2 SNKPH  |9 66742 
650 0 7 |a školy  |2 SNKPH  |9 1276 
655 7 |a zborníky konferencií  |2 SNKPH  |9 70153 
655 7 |a issue_zb  |2 SNK  |9 276493 
700 1 |a Jakubíková, Jurina  |4 com  |9 27415 
752 |a Slovensko  |d Prešov 
852 |a Slovenská národná knižnica 
919 |a 80-8045-341-1 
954 |a odborná, vedecká literatúra pôvodná (slovenská)  |2 lita 
954 |a odborná, vedecká literatúra cudzojazyčná (svetová)  |2 lita 
958 |a ART 
958 |a NB 
958 |a OND 
999 |c 1161449  |d 1163379 
952 |t P60, <03>, [BOOK], {603}, -B-  |a SNK  |b SNK  |y PREZ  |7 0  |p 17A0435253  |o snkSC 116402  |i snkKSP 8583/2004  |0 0  |1 0  |4 0  |d 2004-06-30  |l 0  |r 2025-10-16 00:00:00  |w 2026-02-24 
952 |t P66, <07>, [BOOK], {667}  |a SNK  |b SNK  |y VYP  |7 0  |p 17A0435254  |o snkSC 116402 D1  |i snkKSP 8584/2004  |0 0  |1 0  |4 0  |d 2004-06-30  |l 0  |r 2005-01-02 00:00:00  |w 2026-02-24